Carregant...

Harper's biochemistry /

Dades bibliogràfiques
Autor principal: Murray, Robert K.
Format: Printed Book
Idioma:English
Publicat: Prentice Hall International : London, 1996.
Edició:24th ed.
Matèries:
LEADER 01524nam a2200241Ia 4500
008 160121b xxu||||| |||| 00| 0 eng d
020 |a 0838536840 
082 |a 572  |2 23 
100 |a Murray, Robert K. 
245 |a Harper's biochemistry /  |c  Robert K. Murray and Robert K. Murray 
250 |a 24th ed. 
260 |a Prentice Hall International :  |b London,  |c 1996. 
300 |a xi, 868 p. : 
653 |a Molecular biology Biochemistry 
700 |a Murray, Robert K. 
942 |c BK 
999 |c 124411  |d 124411 
952 |0 0  |1 0  |2 ddc  |4 0  |6 572_000000000000000_MUR_H  |7 0  |9 137704  |a LIF  |b LIF  |c ST1  |d 2009-09-25  |g 0.00  |i 1527  |l 13  |m 10  |o 572 MUR/H  |p LIF1527  |r 2021-11-01  |s 2019-08-21  |w 2009-09-25  |y BK 
952 |0 0  |1 0  |2 ddc  |4 0  |6 572_000000000000000_MUR_H  |7 0  |9 137705  |a LIF  |b LIF  |c ST1  |d 2009-09-25  |g 0.00  |i 1528  |l 11  |m 8  |o 572 MUR/H  |p LIF1528  |r 2020-07-13  |s 2020-01-13  |w 2009-09-25  |y BK 
952 |0 0  |1 0  |2 ddc  |4 0  |6 572_000000000000000_MUR_H  |7 0  |9 137706  |a LIF  |b LIF  |c ST1  |d 2009-09-25  |g 0.00  |i 1545  |l 4  |m 4  |o 572 MUR/H  |p LIF1545  |r 2021-03-10  |s 2019-08-21  |w 2009-09-25  |y BK 
952 |0 0  |1 0  |2 ddc  |4 0  |6 572_000000000000000_MUR_H  |7 0  |9 137707  |a LIF  |b LIF  |c ST1  |d 2009-09-25  |g 0.00  |i 1492  |l 3  |m 3  |o 572 MUR/H  |p LIF1492  |r 2018-07-24  |s 2018-01-25  |w 2009-09-25  |y BK 
952 |0 0  |1 0  |2 ddc  |4 0  |6 572_000000000000000_MUR_H  |7 0  |9 137708  |a LIF  |b LIF  |c ST1  |d 2009-09-25  |g 0.00  |i 1491  |l 12  |m 12  |o 572 MUR/H  |p LIF1491  |r 2020-01-01  |s 2019-06-20  |w 2009-09-25  |y BK 
952 |0 0  |1 0  |2 ddc  |4 0  |6 572_000000000000000_MUR_H  |7 0  |9 137709  |a LIF  |b LIF  |c ST1  |d 2009-09-29  |i 2298  |l 10  |m 8  |o 572 MUR/H  |p LIF2298  |r 2019-12-12  |s 2019-07-17  |w 2009-09-29  |y BK